000 00679nam a2200229Ii 4500
003 JO-AjNU
005 20240708110836.0
008 230605s9999||||xx |||||||||||||| ||und||
017 _a1975/5300
040 _aJO-AjNU
_bara
_erda
_cJO-AjNU
041 _aara
050 1 4 _aJF1358.A7.T3578.1976
100 3 _aالطماوى ، سليمان محمد ,
_eauthor
_917757
245 0 0 _aالوجيز في الإدارة العامة
250 _a(د،ط)
264 3 1 _aالقاهرة : دار وهدان للطباعة ، 1976
300 _a748ص
336 _atext
_btxt
_2rdacontent
337 _aunmediated
_bn
_2rdamedia
338 _avolume
_bnc
_2rdacarrier
942 _2lcc
_cBK
999 _c9121
_d9121